000 00566nam a2200181Ia 4500
001 4523
005 20260306145802.0
008 260306t2006||||xx |||||||||||||| ||spa||
041 _aESP
082 _a324.2
_bI59B
100 _aInstituto Interamericano de Derechos Humanos
_eAUT
245 0 _aAgenda para el fortalecimiento de los partidos políticos en América Latina:
_bMemoria del proceso de consultas regionales con partidos políticos
260 _c2006
300 _a268 páginas :
_c21 cm.
650 _aGEN
654 _aCDE
942 _cLIB
_dJUS
_fJUS
_2ddc
_n
999 _c4523
_d4523